| 000 | 00612nam a2200217Ia 4500 | ||
|---|---|---|---|
| 001 | 14792 | ||
| 003 | GE_BSU | ||
| 008 | 181216s||||||||xx |||||||||||||| ||und|| | ||
| 020 | _a5090104212 | ||
| 040 | _cGE_BSU | ||
| 080 | _a512(075.3)+517(075.3) | ||
| 100 | _aКолмогоров,А.Н.и др. | ||
| 245 | _aАлгебра и начала анализа. | ||
| 245 | _cПод.ред.А.Н.Колмогорова | ||
| 260 | _aМосква | ||
| 260 | _bПросвещение | ||
| 260 | _c2002 | ||
| 300 | _a384стр.22см. | ||
| 653 | _aАлгебра и начала анализа. | ||
| 942 | _cBK | ||
| 999 |
_c47915 _d47915 |
||